000 00415nam a2200169Ia 4500
003 0100
008 130303s9999 xx 000 0 und d
040 _cARRUPELIB
050 _aKD3989.D531982
100 _aDicey, Albert Venn
245 _aIntroduction to the study of the law of the constitution
260 _aIndianapolis IN
260 _bLiberty/Classics
260 _C1982
300 _a435p
942 0 0 _04
999 _c25114
_d25114